000 00277nam a22001337a 4500
008 170306b xxu||||| |||| 00| 0 eng d
020 _a2900805345536
041 _aeng
080 _a575
100 _a6
101 _aSHM
245 _aGENETICS
_cRUSSELL. P.J
942 _2udc
_cBK
999 _c6829
_d6829